000 00848nam a22002295i 4500
001 12038
003 ES-MaACL
005 20230906150227.0
007 t|
008 920422s1991 sp ||||0| spa j
020 _a84-86314-69-0
040 _aM-BN
_bspa
_cM-BN
080 _a903(460.315)
100 1 _aSoler García, José María.
_9107176
245 1 3 _aLa cueva del Lagrimal
_b: Villena (Alicante)-Yecla (Murcia) /
_cJosé María Soler García ; con un estudio zooarqueológico por Manuel Pérez Ripoll.
260 _aAlicante :
_bFondo Editorial de la Caja de Ahorros Provincial,
_c1991.
300 _a159 p :
_bil ;
_c24x22 cm.
504 _aBibliografía.
651 4 _aCueva del Lagrimal (Alicante)-
_xRestos arqueológicos prehistóricos.
_98129
700 1 _aPérez Ripoll, Manuel.
_991111
852 _aES-MaACL
_jL-19353
_bR.120406
999 _c12038
_d12038